[Event "DVM U16 2024"]
[Site "Sebnitz GER"]
[Date "2024.12.30"]
[Round "7"]
[White "Gotfried, Elias"]
[Black "Holzwarth, Felix"]
[Result "0-1"]
[Termination "normal"]
[Board "3.2"]
[WhiteElo "1968"]
[BlackElo "1954"]
[WhiteTeam "Stuttgarter SF 1879"]
[BlackTeam "SG Porz"]
[PlyCount "138"]
[WhiteFideId "34630171"]
[BlackFideId "34621377"]
[EventCountry "GER"]
[EventRounds "7"]
[EventType "team-swiss"]
[EventDate "2024.12.26"]

1. e4 c5 2. Nc3 Nc6 3. g3 g6 4. Bg2 Bg7 5. d3 d6 6. f4 e6 7. Nf3 Nge7 8. Be3 b6
9. O-O O-O 10. Qd2 d5 11. Bf2 dxe4 12. dxe4 Qxd2 13. Nxd2 e5 14. Nf3 Be6 15.
Nxe5 Nxe5 16. fxe5 Bc4 17. Rfd1 Bxe5 18. a3 Nc6 19. Rab1 Bxc3 20. bxc3 Rad8 21.
Be3 Ne5 22. Bg5 Rxd1+ 23. Rxd1 f6 24. Bf4 Rf7 25. Bh3 Re7 26. Rd6 Kf7 27. Kf2
Be6 28. Bf1 Ng4+ 29. Kg2 g5 30. Bc1 Rd7 31. Rxd7+ Bxd7 32. h4 h6 33. hxg5 hxg5
34. Be2 Ne5 35. Be3 Bc6 36. Bh5+ Ke6 37. Bd1 Nc4 38. Bc1 Bxe4+ 39. Kf2 Ke5 40.
Kf1 Kd5 41. Kf2 Kd6 42. Be2 Ne5 43. Bd1 Bf5 44. Ke3 Kd5 45. Kd2 Bg4 46. Bxg4
Nxg4 47. Kd3 c4+ 48. Ke2 Ke4 49. a4 a5 50. Ba3 Ne5 51. Be7 Nd7 52. Bd8 f5 53.
Bc7 f4 54. gxf4 gxf4 55. Kf2 f3 56. Bd8 Kf4 57. Bc7+ Kg4 58. Bd8 Nc5 59. Bxb6
Ne4+ 60. Ke3 Nxc3 61. Bxa5 Kg3 62. Bxc3 f2 63. a5 f1=Q 64. Kd4 Qf6+ 65. Kxc4
Qc6+ 66. Kb3 Kf4 67. Bb4 Ke4 68. c3 Kd3 69. c4 Qxc4+ 0-1

[Event "DVM U16 2024"]
[Site "Sebnitz GER"]
[Date "2024.12.30"]
[Round "7"]
[White "Trunz, Tamila"]
[Black "Goldinov, Daniel"]
[Result "1-0"]
[Termination "normal"]
[Board "3.3"]
[WhiteElo "1940"]
[BlackElo "1925"]
[WhiteTeam "SG Porz"]
[BlackTeam "Stuttgarter SF 1879"]
[PlyCount "77"]
[WhiteFideId "16267885"]
[BlackFideId "34605649"]
[EventCountry "GER"]
[EventRounds "7"]
[EventType "team-swiss"]
[EventDate "2024.12.26"]

1. e4 c5 2. Nf3 e6 3. d4 cxd4 4. Nxd4 Nc6 5. Nc3 Qc7 6. Nxc6 bxc6 7. Bd3 d5 8.
Qe2 Nf6 9. exd5 cxd5 10. Nb5 Qb8 11. g3 Bd6 12. Nxd6+ Qxd6 13. Bf4 Qb6 14.
O-O-O Nd7 15. Qg4 g6 16. Rhe1 O-O 17. Qe2 Re8 18. Bb5 a6 19. Ba4 Qb4 20. Bc6
Ra7 21. Rxd5 Nb6 22. Rd3 Bd7 23. Bd2 Qc4 24. Bxd7 Nxd7 25. b3 Qc5 26. Kb1 Nb6
27. Be3 Qc6 28. Red1 Rd7 29. Rxd7 Nxd7 30. Bd4 Rc8 31. Bb2 f6 32. Qd2 Rc7 33.
c4 Kf7 34. Ka1 Ne5 35. Qh6 Qc5 36. Qxh7+ Ke8 37. Qg8+ Ke7 38. Rd8 Qa3 39. Qe8#
1-0

[Event "DVM U16 2024"]
[Site "Sebnitz GER"]
[Date "2024.12.30"]
[Round "7"]
[White "Babaian, Bagrat"]
[Black "Aravindan, Midhulan"]
[Result "1-0"]
[Termination "normal"]
[Board "3.4"]
[WhiteElo "1763"]
[BlackElo "1887"]
[WhiteTeam "Stuttgarter SF 1879"]
[BlackTeam "SG Porz"]
[PlyCount "95"]
[WhiteFideId "34107428"]
[BlackFideId "16237250"]
[EventCountry "GER"]
[EventRounds "7"]
[EventType "team-swiss"]
[EventDate "2024.12.26"]

1. d4 Nf6 2. c4 g6 3. Nc3 d5 4. cxd5 Nxd5 5. Bd2 Bg7 6. e3 O-O 7. Bc4 Nb6 8.
Bb3 Nc6 9. Nf3 e5 10. d5 Nb4 11. e4 Nd3+ 12. Ke2 Nc5 13. Re1 Bg4 14. h3 Bxf3+
15. gxf3 Kh8 16. Be3 Qe7 17. Rc1 Nxb3 18. Qxb3 f5 19. Nb5 fxe4 20. fxe4 Rfc8
21. Rxc7 Qh4 22. Rxc8+ Rxc8 23. Nxa7 Rc7 24. Qxb6 Rf7 25. Rc1 Qxe4 26. Rc8+ Bf8
27. Qe6 Kg7 28. d6 h5 29. Rc7 Rxc7 30. dxc7 Qc2+ 31. Kf1 Qxc7 32. Nb5 Qc2 33.
Qxe5+ Kg8 34. Qd5+ Kh7 35. Qxb7+ Kg8 36. Qd5+ Kh7 37. Qf7+ Bg7 38. Nc7 Qb1+ 39.
Kg2 Qe4+ 40. Kg1 Qb1+ 41. Kh2 Kh8 42. Qe8+ Kh7 43. Qe7 Kh8 44. Ne8 Bxb2 45. Nf6
Bxf6 46. Qxf6+ Kg8 47. Bd4 Qb8+ 48. Be5 1-0

[Event "DVM U16 2024"]
[Site "Sebnitz GER"]
[Date "2024.12.30"]
[Round "7"]
[White "Melestean, Timur"]
[Black "Haubold, Sebastian"]
[Result "1/2-1/2"]
[Termination "normal"]
[Board "4.1"]
[WhiteElo "2157"]
[BlackElo "2163"]
[WhiteTeam "SK König Plauen"]
[BlackTeam "USC Magdeburg"]
[PlyCount "90"]
[WhiteFideId "16280385"]
[BlackFideId "16259637"]
[EventCountry "GER"]
[EventRounds "7"]
[EventType "team-swiss"]
[EventDate "2024.12.26"]

1. d4 Nf6 2. c4 g6 3. Nc3 Bg7 4. e4 d6 5. Nf3 O-O 6. Be2 e5 7. O-O Nbd7 8. Qc2
exd4 9. Nxd4 Nc5 10. Rd1 Qe7 11. f3 c6 12. Bg5 Ne6 13. Be3 Nxd4 14. Bxd4 Be6
15. Bf1 Rfd8 16. Qf2 a6 17. b3 b5 18. Rac1 Ne8 19. Be3 Qb7 20. c5 dxc5 21. Bxc5
Rxd1 22. Nxd1 Rd8 23. Nb2 Bh6 24. Be3 Bxe3 25. Qxe3 Nf6 26. Nd3 Nd7 27. Qf2 Rc8
28. b4 Bc4 29. Nc5 Nxc5 30. Bxc4 Nd7 31. Bb3 Qc7 32. Qd4 c5 33. bxc5 Nxc5 34.
Qd5 Qe7 35. e5 Rc7 36. Qd6 Kf8 37. f4 Ne6 38. Rxc7 Nxc7 39. Qxe7+ Kxe7 40. Kf2
a5 41. a3 Ne6 42. Ke3 f6 43. exf6+ Kxf6 44. Bc2 b4 45. axb4 axb4 1/2-1/2

[Event "DVM U16 2024"]
[Site "Sebnitz GER"]
[Date "2024.12.30"]
[Round "7"]
[White "Haubold, Christian"]
[Black "Melestean, Maxim"]
[Result "1-0"]
[Termination "normal"]
[Board "4.2"]
[WhiteElo "2074"]
[BlackElo "1962"]
[WhiteTeam "USC Magdeburg"]
[BlackTeam "SK König Plauen"]
[PlyCount "75"]
[WhiteFideId "16259629"]
[BlackFideId "16280393"]
[EventCountry "GER"]
[EventRounds "7"]
[EventType "team-swiss"]
[EventDate "2024.12.26"]

1. e4 e5 2. Nf3 Nc6 3. Bb5 a6 4. Ba4 Nf6 5. O-O b5 6. Bb3 Bc5 7. c3 d6 8. d4
Bb6 9. Re1 O-O 10. Bg5 h6 11. Bh4 Bb7 12. Bd5 Qe7 13. Nbd2 Rfe8 14. Rc1 Na5 15.
b4 Nc6 16. Nf1 Rab8 17. Ne3 exd4 18. cxd4 Nxb4 19. Bxb7 Rxb7 20. a3 g5 21. Nf5
Qf8 22. Nxg5 hxg5 23. Bxg5 Re6 24. axb4 Nh7 25. Qg4 Rg6 26. h4 c5 27. f4 cxd4
28. Rc8 d3+ 29. Kh2 Bd8 30. h5 Rxg5 31. fxg5 Nxg5 32. Kh1 f6 33. Nd4 d2 34. Rd1
Re7 35. Rxd2 Rxe4 36. Qd7 Nf7 37. Ne6 Qh6 38. Qe8+ 1-0

[Event "DVM U16 2024"]
[Site "Sebnitz GER"]
[Date "2024.12.30"]
[Round "7"]
[White "Akladius, Kyrillus"]
[Black "Kuhlmann, Nils Magnus"]
[Result "0-1"]
[Termination "normal"]
[Board "4.3"]
[WhiteElo "1659"]
[BlackElo "1796"]
[WhiteTeam "SK König Plauen"]
[BlackTeam "USC Magdeburg"]
[PlyCount "96"]
[WhiteFideId "16267036"]
[BlackFideId "16287177"]
[EventCountry "GER"]
[EventRounds "7"]
[EventType "team-swiss"]
[EventDate "2024.12.26"]

1. e4 c6 2. Ne2 d5 3. e5 c5 4. c3 Nc6 5. d4 e6 6. f4 Nh6 7. Nd2 cxd4 8. cxd4
Bb4 9. a3 Bxd2+ 10. Bxd2 Nf5 11. Bc3 Ne3 12. Qd3 Nxf1 13. Rxf1 Qh4+ 14. Qg3
Qxg3+ 15. Nxg3 O-O 16. Kd2 a5 17. Rac1 b5 18. Rf3 b4 19. Bxb4 Nxd4 20. Bxf8
Nxf3+ 21. gxf3 Kxf8 22. b4 axb4 23. axb4 Bd7 24. Ne2 Ke7 25. Rc2 Kd8 26. Nd4
Rb8 27. b5 Rb7 28. Rb2 Kc7 29. Kc3 Kb6 30. Kb4 Rc7 31. Rd2 Rc4+ 32. Kb3 Kc5 33.
b6 Kxb6 34. f5 exf5 35. f4 Kc5 36. Ne2 Ba4+ 37. Kb2 d4 38. Ng3 g6 39. Ne2 Kd5
40. Ng3 h6 41. h4 h5 42. Rd3 Bc2 43. Ra3 Ra4 44. Rf3 d3 45. Nf1 Kd4 46. Nd2 Ra6
47. Rg3 Rc6 48. Rf3 Bd1 0-1

[Event "DVM U16 2024"]
[Site "Sebnitz GER"]
[Date "2024.12.30"]
[Round "7"]
[White "Pham, Jacky"]
[Black "Rühmer, Nico"]
[Result "0-1"]
[Termination "normal"]
[Board "4.4"]
[WhiteElo "1601"]
[BlackElo "1626"]
[WhiteTeam "USC Magdeburg"]
[BlackTeam "SK König Plauen"]
[PlyCount "86"]
[WhiteFideId "34611606"]
[BlackFideId "34640339"]
[EventCountry "GER"]
[EventRounds "7"]
[EventType "team-swiss"]
[EventDate "2024.12.26"]

1. e4 c5 2. Nc3 Nc6 3. Nge2 e6 4. g3 Be7 5. Bg2 d6 6. d3 h5 7. h4 Nf6 8. Nf4
Nd4 9. Be3 g6 10. Bxd4 cxd4 11. Nce2 e5 12. Nh3 Ng4 13. c3 dxc3 14. Nxc3 Qa5
15. O-O Be6 16. Re1 O-O 17. Qe2 Qb6 18. Nd1 Rac8 19. Ne3 Nxe3 20. fxe3 f6 21.
Nf2 Qc5 22. Red1 Rc7 23. d4 Qb6 24. d5 Bd7 25. Rd2 Rfc8 26. Kh2 Bf8 27. g4 Bh6
28. gxh5 Qxe3 29. Qxe3 Bxe3 30. Re2 Bf4+ 31. Kg1 gxh5 32. Nd3 Bg3 33. Bf3 Be8
34. Kh1 Bxh4 35. Rh2 Bg3 36. Rg1 Rg7 37. Rhg2 h4 38. Bd1 Bd7 39. Nf2 f5 40.
exf5 Bxf5 41. Bf3 Rc2 42. Be4 Rxf2 43. Rxf2 Bxe4+ 0-1

[Event "DVM U16 2024"]
[Site "Sebnitz GER"]
[Date "2024.12.30"]
[Round "7"]
[White "Malinowsky, Levi"]
[Black "Korchynskyi, Mykola"]
[Result "0-1"]
[Termination "normal"]
[Board "5.1"]
[WhiteTitle "CM"]
[BlackTitle "FM"]
[WhiteElo "2190"]
[BlackElo "2284"]
[WhiteTeam "Lübecker SV 1873"]
[BlackTeam "SF Essen-Katernberg 04/32"]
[PlyCount "62"]
[WhiteFideId "16253094"]
[BlackFideId "34138005"]
[EventCountry "GER"]
[EventRounds "7"]
[EventType "team-swiss"]
[EventDate "2024.12.26"]

1. e4 c5 2. Nf3 a6 3. c4 Nc6 4. d4 cxd4 5. Nxd4 Nf6 6. Nc3 e5 7. Nf5 d5 8. cxd5
Bxf5 9. exf5 Nd4 10. Bd3 Be7 11. O-O O-O 12. Re1 Nxd5 13. Rxe5 Nxc3 14. bxc3
Bf6 15. Re1 Nc6 16. Bb2 Ne5 17. Be4 Nc4 18. Qb3 Qc7 19. Rac1 Rad8 20. Ba1 b5
21. a4 Rd2 22. Rcd1 Rfd8 23. Bd3 Qf4 24. Rxd2 Nxd2 25. Qc2 Be5 26. Rxe5 Qxe5
27. Qxd2 Qxf5 28. Bxf5 Rxd2 29. Kf1 bxa4 30. c4 Rd1+ 31. Ke2 Rxa1 0-1

[Event "DVM U16 2024"]
[Site "Sebnitz GER"]
[Date "2024.12.30"]
[Round "7"]
[White "Goldkuhle, Collin"]
[Black "Sommer, Justus"]
[Result "1/2-1/2"]
[Termination "normal"]
[Board "5.2"]
[WhiteElo "1970"]
[BlackElo "2128"]
[WhiteTeam "SF Essen-Katernberg 04/32"]
[BlackTeam "Lübecker SV 1873"]
[PlyCount "84"]
[WhiteFideId "16271106"]
[BlackFideId "16245008"]
[EventCountry "GER"]
[EventRounds "7"]
[EventType "team-swiss"]
[EventDate "2024.12.26"]

1. e4 e5 2. Nf3 Nc6 3. Bb5 a6 4. Ba4 Nf6 5. O-O Be7 6. Re1 b5 7. Bb3 d6 8. h3
O-O 9. c3 Na5 10. Bc2 c5 11. d4 Qc7 12. d5 Bd7 13. b3 Nb7 14. Be3 g6 15. Bh6
Rfb8 16. Nbd2 Nh5 17. Nf1 Ng7 18. g4 f6 19. Be3 Nd8 20. Ng3 Nf7 21. Kh2 c4 22.
b4 a5 23. a3 axb4 24. axb4 Qb7 25. Rc1 Ra3 26. Bb1 Bd8 27. Nd2 Be7 28. Rg1 Rf8
29. Qf1 Bd8 30. Qg2 Bb6 31. Ngf1 Bd8 32. Qg3 Bb6 33. Rg2 Raa8 34. Qf3 Ng5 35.
Qg3 Nf7 36. Bxb6 Qxb6 37. Ne3 Rae8 38. Rf1 Qd8 39. Rfg1 Kh8 40. Qf3 Ng5 41. Qe2
Qc8 42. Bc2 Nf7 1/2-1/2

[Event "DVM U16 2024"]
[Site "Sebnitz GER"]
[Date "2024.12.30"]
[Round "7"]
[White "Engels, Ruben"]
[Black "Berresheim, Nils"]
[Result "1/2-1/2"]
[Termination "normal"]
[Board "5.3"]
[WhiteElo "1902"]
[BlackElo "1893"]
[WhiteTeam "Lübecker SV 1873"]
[BlackTeam "SF Essen-Katernberg 04/32"]
[PlyCount "90"]
[WhiteFideId "34612939"]
[BlackFideId "16246306"]
[EventCountry "GER"]
[EventRounds "7"]
[EventType "team-swiss"]
[EventDate "2024.12.26"]

1. d4 Nf6 2. c4 g6 3. Nc3 Bg7 4. e4 d6 5. h3 O-O 6. Be3 c5 7. Nf3 Qa5 8. Qd2
Nc6 9. Rd1 a6 10. a4 Rd8 11. Be2 Rb8 12. O-O Bd7 13. d5 Na7 14. Ra1 Qc7 15. a5
b5 16. axb6 Rxb6 17. Ra2 Rdb8 18. Rb1 Nc8 19. Bd1 Rb4 20. b3 a5 21. Bc2 Nb6 22.
e5 dxe5 23. Nxe5 a4 24. Nxd7 Nfxd7 25. Nxa4 Nxc4 26. Bf4 Nxd2 27. Bxc7 Nxb1 28.
Bxb8 c4 29. Bxb1 cxb3 30. Re2 Rxa4 31. Rxe7 Ra1 32. Rxd7 Rxb1+ 33. Kh2 Bf6 34.
Rb7 b2 35. Bd6 g5 36. Ba3 h5 37. d6 Be5+ 38. g3 Rd1 39. Bxb2 Bxd6 40. Bf6 g4
41. hxg4 hxg4 42. Kg2 Bc5 43. Rb5 Rc1 44. Rb8+ Kh7 45. Rc8 Ba3 1/2-1/2

[Event "DVM U16 2024"]
[Site "Sebnitz GER"]
[Date "2024.12.30"]
[Round "7"]
[White "Lüersen, Lukas"]
[Black "Hellenbroich, Hanno"]
[Result "0-1"]
[Termination "normal"]
[Board "5.4"]
[WhiteElo "1815"]
[BlackElo "1771"]
[WhiteTeam "SF Essen-Katernberg 04/32"]
[BlackTeam "Lübecker SV 1873"]
[PlyCount "65"]
[WhiteFideId "34628371"]
[BlackFideId "16270762"]
[EventCountry "GER"]
[EventRounds "7"]
[EventType "team-swiss"]
[EventDate "2024.12.26"]

1. e4 c5 2. Nc3 d6 3. Bb5+ Bd7 4. a4 a6 5. Bxd7+ Nxd7 6. d3 g6 7. f4 e6 8. Nf3
Ne7 9. O-O Bg7 10. Qe1 O-O 11. Qh4 h6 12. Ne2 Nb8 13. Ng3 f5 14. c3 Nbc6 15.
Be3 b5 16. axb5 axb5 17. Rxa8 Qxa8 18. exf5 exf5 19. Rd1 Qa4 20. Rd2 Nd5 21.
Nf1 Re8 22. Re2 Nxf4 23. Bxf4 Rxe2 24. Qg3 Ne5 25. Bxe5 dxe5 26. Qxg6 Qg4 27.
Qe8+ Kh7 28. Ng3 Rxb2 29. Qf7 e4 30. Ne5 Qg5 31. Nd7 Qe3+ 32. Kh1 Rb1+ 33. Nf1
0-1

[Event "DVM U16 2024"]
[Site "Sebnitz GER"]
[Date "2024.12.30"]
[Round "7"]
[White "Zhang, Yibo"]
[Black "Haase, Alexander"]
[Result "1-0"]
[Termination "normal"]
[Board "6.1"]
[WhiteElo "1982"]
[BlackElo "1701"]
[WhiteTeam "SV Stuttgart-Wolfbusch 1956"]
[BlackTeam "USV Halle"]
[PlyCount "79"]
[WhiteFideId "16287657"]
[BlackFideId "34606602"]
[EventCountry "GER"]
[EventRounds "7"]
[EventType "team-swiss"]
[EventDate "2024.12.26"]

1. e4 c6 2. d4 d5 3. exd5 cxd5 4. Bd3 Nc6 5. c3 Nf6 6. h3 e6 7. Bf4 Bd6 8. Bxd6
Qxd6 9. Nf3 O-O 10. O-O Re8 11. Nbd2 Bd7 12. Re1 e5 13. dxe5 Nxe5 14. Nxe5 Rxe5
15. Rxe5 Qxe5 16. Nf3 Qh5 17. Nd4 Qg5 18. Qc1 Qh5 19. Qf4 Re8 20. f3 h6 21. Kf2
Nh7 22. Ne2 Ng5 23. Ng3 Qxh3 24. Qxg5 Qxg2+ 25. Kxg2 hxg5 26. Kf2 g6 27. Ne2 g4
28. f4 Kg7 29. Rh1 f5 30. Ng3 Kf6 31. Rh7 Bc6 32. b4 a6 33. a3 Re6 34. Ne2 d4
35. cxd4 Re8 36. Bc4 g3+ 37. Nxg3 g5 38. Rh6+ Kg7 39. Nxf5+ Kf8 40. Rf6# 1-0

[Event "DVM U16 2024"]
[Site "Sebnitz GER"]
[Date "2024.12.30"]
[Round "7"]
[White "Patzschke, Carlo"]
[Black "Farin, Kai"]
[Result "1/2-1/2"]
[Termination "normal"]
[Board "6.2"]
[WhiteElo "1847"]
[BlackElo "1727"]
[WhiteTeam "USV Halle"]
[BlackTeam "SV Stuttgart-Wolfbusch 1956"]
[PlyCount "121"]
[WhiteFideId "34617973"]
[BlackFideId "34628312"]
[EventCountry "GER"]
[EventRounds "7"]
[EventType "team-swiss"]
[EventDate "2024.12.26"]

1. e4 e5 2. Bc4 Nf6 3. d3 c6 4. Nf3 d5 5. Bb3 a5 6. a4 Bd6 7. exd5 Nxd5 8. O-O
O-O 9. Nbd2 Bg4 10. Ne4 Kh8 11. h3 Bh5 12. Ng3 Bg6 13. Bd2 Nd7 14. h4 h6 15.
Qc1 Nf4 16. d4 Qf6 17. dxe5 Nxe5 18. Nh2 Nh5 19. Bxh6 Qxh4 20. Bg5 Nxg3 21.
Bxh4 Ne2+ 22. Kh1 Nxc1 23. Raxc1 Bh5 24. Bg3 Rad8 25. Rfe1 f6 26. Nf1 Bf7 27.
Bxf7 Rxf7 28. Rcd1 Rfd7 29. Ne3 Bc7 30. Rxd7 Rxd7 31. Rd1 Rxd1+ 32. Nxd1 Kg8
33. Kg1 Kf7 34. b3 Ke7 35. Kf1 Bd6 36. Ke2 Nf7 37. Bxd6+ Nxd6 38. Ne3 Ke6 39.
Kd3 b6 40. Nf1 g5 41. Nd2 Kd5 42. f3 b5 43. c3 bxa4 44. bxa4 Nb7 45. c4+ Ke5
46. Ne4 f5 47. Nxg5 Nc5+ 48. Kc3 Nxa4+ 49. Kb3 Nc5+ 50. Kc3 Kf4 51. Nf7 Kg3 52.
Nd6 f4 53. Ne4+ Nxe4+ 54. fxe4 Kxg2 55. e5 f3 56. e6 f2 57. e7 f1=Q 58. e8=Q
Qf6+ 59. Kb3 Qd6 60. Qe2+ Kh3 61. Qh5+ 1/2-1/2

[Event "DVM U16 2024"]
[Site "Sebnitz GER"]
[Date "2024.12.30"]
[Round "7"]
[White "Marinin, Georgii"]
[Black "Lischka, Marten"]
[Result "1/2-1/2"]
[Termination "normal"]
[Board "6.3"]
[WhiteElo "1747"]
[BlackElo "1747"]
[WhiteTeam "SV Stuttgart-Wolfbusch 1956"]
[BlackTeam "USV Halle"]
[PlyCount "121"]
[WhiteFideId "34617140"]
[BlackFideId "34603328"]
[EventCountry "GER"]
[EventRounds "7"]
[EventType "team-swiss"]
[EventDate "2024.12.26"]

1. d4 Nf6 2. Nf3 g6 3. g3 d5 4. Bg2 Bg7 5. O-O O-O 6. b3 Bf5 7. Bb2 Nbd7 8. c4
c6 9. Nc3 Ne4 10. Nd2 Nxc3 11. Bxc3 Nf6 12. Re1 Qd7 13. Qc1 Rfd8 14. Qb2 Bh3
15. Rad1 Bxg2 16. Kxg2 Qf5 17. f3 Qd7 18. e4 e6 19. e5 Ne8 20. f4 Qe7 21. Nf3
Bh6 22. h4 c5 23. cxd5 Rxd5 24. Ng5 Rad8 25. Ne4 b6 26. Kh3 Qd7 27. Rd3 cxd4
28. Bb4 Bf8 29. Bd6 f5 30. Bxf8 fxe4 31. Rxe4 Kxf8 32. g4 Ng7 33. Qf2 Kg8 34.
Qg3 Qf7 35. Qf2 Qd7 36. Qg3 Rc8 37. h5 Rc3 38. hxg6 hxg6 39. Kg2 Qb5 40. Rxc3
dxc3 41. Qxc3 Qd7 42. Rc4 Rd2+ 43. Kg1 Rd1+ 44. Kh2 Qd2+ 45. Kg3 Qxc3+ 46. Rxc3
Rd7 47. Kh4 Ne8 48. Kg5 Kg7 49. Rh3 Kg8 50. Rh6 Rg7 51. Rxg6 Kf7 52. Rxg7+ Kxg7
53. f5 exf5 54. gxf5 Nc7 55. f6+ Kf7 56. Kf5 a6 57. a3 Nd5 58. Ke4 Nc7 59. Kf5
Ne6 60. Ke4 Nc7 61. Kf5 1/2-1/2

[Event "DVM U16 2024"]
[Site "Sebnitz GER"]
[Date "2024.12.30"]
[Round "7"]
[White "Knüpfer, Johannes"]
[Black "Schimann, Kirill"]
[Result "0-1"]
[Termination "normal"]
[Board "6.4"]
[WhiteElo "1655"]
[BlackElo "1692"]
[WhiteTeam "USV Halle"]
[BlackTeam "SV Stuttgart-Wolfbusch 1956"]
[PlyCount "72"]
[WhiteFideId "34605967"]
[BlackFideId "16296338"]
[EventCountry "GER"]
[EventRounds "7"]
[EventType "team-swiss"]
[EventDate "2024.12.26"]

1. e4 c6 2. d4 d5 3. e5 Bf5 4. Nc3 e6 5. g4 Bg6 6. Nge2 Bb4 7. h4 h6 8. Nf4 Ne7
9. Bd3 Bxd3 10. Qxd3 g6 11. Be3 Nd7 12. O-O-O Qa5 13. Nfe2 h5 14. a3 Bxc3 15.
Nxc3 hxg4 16. Rdg1 Nf5 17. Bg5 Qb6 18. Rxg4 c5 19. Na4 Qc6 20. Nxc5 Nxc5 21.
dxc5 Qxc5 22. Qb3 Rc8 23. Rb4 b6 24. Kb1 Nd4 25. Qa4+ Nc6 26. Rb3 Qxf2 27. Rc3
Kd7 28. Qb5 Qd4 29. Rf1 Rh7 30. Bf6 Rc7 31. Rff3 Qe4 32. Rfd3 Rh5 33. Ka2 Rf5
34. a4 a6 35. Qxb6 Qxa4+ 36. Ra3 Nb4+ 0-1

[Event "DVM U16 2024"]
[Site "Sebnitz GER"]
[Date "2024.12.30"]
[Round "7"]
[White "Malchereck, Romeo"]
[Black "Geist, Tim"]
[Result "1/2-1/2"]
[Termination "normal"]
[Board "7.1"]
[WhiteElo "1775"]
[BlackElo "2011"]
[WhiteTeam "Hamburger SK 1830"]
[BlackTeam "SV Isental"]
[PlyCount "86"]
[WhiteFideId "16265831"]
[BlackFideId "34604324"]
[EventCountry "GER"]
[EventRounds "7"]
[EventType "team-swiss"]
[EventDate "2024.12.26"]

1. e4 e5 2. Nf3 Nf6 3. Nc3 Nc6 4. Bb5 Bc5 5. O-O O-O 6. d3 d6 7. h3 Ne7 8. Na4
Ng6 9. Nxc5 dxc5 10. Be3 Qe7 11. Bc4 c6 12. a4 h6 13. Nd2 a5 14. Ba2 Rd8 15.
Qe2 b6 16. Rfd1 Ba6 17. Nc4 Qc7 18. Bd2 Rd7 19. g3 Rdd8 20. Qf3 Bc8 21. Kh2 Kh7
22. Bc3 b5 23. axb5 cxb5 24. Ne3 Ne7 25. Bd2 Nc6 26. Nf5 Nd4 27. Nxd4 cxd4 28.
Rac1 Ra6 29. c3 Qd7 30. g4 Qe7 31. cxd4 exd4 32. Rg1 Nd7 33. Qf5+ Kg8 34. g5
Qe5+ 35. Qf4 hxg5 36. Rxg5 Qxf4+ 37. Bxf4 Rf6 38. Kg3 Nf8 39. Be5 Rg6 40. h4
Rxg5+ 41. hxg5 Be6 42. Bxe6 Nxe6 43. f4 a4 1/2-1/2

[Event "DVM U16 2024"]
[Site "Sebnitz GER"]
[Date "2024.12.30"]
[Round "7"]
[White "Wartenberg, Alissa"]
[Black "Geist, Denis"]
[Result "1/2-1/2"]
[Termination "normal"]
[Board "7.3"]
[WhiteElo "1830"]
[BlackElo "1935"]
[WhiteTeam "Hamburger SK 1830"]
[BlackTeam "SV Isental"]
[PlyCount "51"]
[WhiteFideId "16280741"]
[BlackFideId "34605100"]
[EventCountry "GER"]
[EventRounds "7"]
[EventType "team-swiss"]
[EventDate "2024.12.26"]

1. e4 e5 2. Nf3 Nf6 3. Nc3 Nc6 4. d4 exd4 5. Nxd4 Bb4 6. Nxc6 bxc6 7. Bd3 O-O
8. O-O d5 9. exd5 Bg4 10. f3 Bh5 11. Ne2 cxd5 12. Bg5 c6 13. Kh1 Bg6 14. c4 Qd6
15. a3 Ba5 16. Bxf6 Bc7 17. f4 Qxf6 18. cxd5 cxd5 19. Nc3 Rad8 20. Bxg6 hxg6
21. Nxd5 Qh4 22. Qf3 Rxd5 23. Qxd5 Bxf4 24. h3 Qg3 25. Rxf4 Qxf4 26. Rd1
1/2-1/2

[Event "DVM U16 2024"]
[Site "Sebnitz GER"]
[Date "2024.12.30"]
[Round "7"]
[White "Ruhland, Nico"]
[Black "Wokel, Justus"]
[Result "1-0"]
[Termination "normal"]
[Board "7.4"]
[WhiteElo "1618"]
[BlackElo "1710"]
[WhiteTeam "SV Isental"]
[BlackTeam "Hamburger SK 1830"]
[PlyCount "71"]
[WhiteFideId "34646345"]
[BlackFideId "34652922"]
[EventCountry "GER"]
[EventRounds "7"]
[EventType "team-swiss"]
[EventDate "2024.12.26"]

1. e4 c5 2. d4 cxd4 3. c3 dxc3 4. Nxc3 e6 5. Bc4 a6 6. Nf3 Nc6 7. O-O b5 8. Bb3
Bb7 9. Nd5 Nf6 10. Bg5 Be7 11. Nxe7 Nxe7 12. Qd4 Nc6 13. Qe3 Qc7 14. Bf4 e5 15.
Bg3 h6 16. Rac1 Qb8 17. Bd5 Nh5 18. Nxe5 Nxe5 19. Bxe5 Qxe5 20. Bxb7 Rd8 21.
Rc5 Qb8 22. Bxa6 Nf6 23. Bxb5 O-O 24. a4 Rfe8 25. f3 Re7 26. Qf2 d5 27. exd5
Nxd5 28. Rc2 Ne3 29. Re1 Nxc2 30. Rxe7 Rd1+ 31. Bf1 Qxb2 32. Re2 Rc1 33. a5 Qb1
34. a6 Nb4 35. a7 Rc8 36. Rb2 1-0

[Event "DVM U16 2024"]
[Site "Sebnitz GER"]
[Date "2024.12.30"]
[Round "7"]
[White "Fruth, David"]
[Black "Sydykov, Bayastan"]
[Result "1/2-1/2"]
[Termination "normal"]
[Board "8.1"]
[BlackTitle "FM"]
[WhiteElo "2132"]
[BlackElo "2221"]
[WhiteTeam "USV TU Dresden"]
[BlackTeam "SK 1858 Gießen"]
[PlyCount "40"]
[WhiteFideId "16257596"]
[BlackFideId "13829610"]
[EventCountry "GER"]
[EventRounds "7"]
[EventType "team-swiss"]
[EventDate "2024.12.26"]

1. e4 e6 2. d4 d5 3. Nc3 Nf6 4. Bg5 Be7 5. e5 Nfd7 6. h4 Bxg5 7. hxg5 Qxg5 8.
Qd3 h6 9. Nh3 Qe7 10. Be2 a6 11. Qg3 g6 12. Ng5 Nc6 13. O-O-O b6 14. Bd3 Bb7
15. Nxf7 Kxf7 16. Bxg6+ Kg8 17. Be8+ Kf8 18. Bg6 Kg8 19. Bh7+ Kf8 20. Bg6 Kg8
1/2-1/2

[Event "DVM U16 2024"]
[Site "Sebnitz GER"]
[Date "2024.12.30"]
[Round "7"]
[White "Sasikumar Anitha, Sarvesh"]
[Black "Marynychenko, Yehor"]
[Result "0-1"]
[Termination "normal"]
[Board "8.2"]
[WhiteElo "1850"]
[BlackElo "2063"]
[WhiteTeam "SK 1858 Gießen"]
[BlackTeam "USV TU Dresden"]
[PlyCount "124"]
[WhiteFideId "34609245"]
[BlackFideId "34160558"]
[EventCountry "GER"]
[EventRounds "7"]
[EventType "team-swiss"]
[EventDate "2024.12.26"]

1. e4 c5 2. Nf3 Nc6 3. d4 cxd4 4. Nxd4 Nf6 5. Nc3 e6 6. Ndb5 Bb4 7. a3 Bxc3+ 8.
Nxc3 d5 9. exd5 exd5 10. Bd3 O-O 11. O-O h6 12. h3 Ne5 13. Bf4 Nxd3 14. Qxd3
Be6 15. Rad1 Rc8 16. Nb5 a6 17. Nd4 Ne4 18. c3 Qb6 19. Bc1 Bd7 20. Qf3 Qg6 21.
Ne2 Qc6 22. Nd4 Qc7 23. Nf5 Bxf5 24. Qxf5 Qb6 25. Rd4 Rcd8 26. Rfd1 Rfe8 27.
Qf3 Nf6 28. Kh2 Rc8 29. Qg3 Rc6 30. Rb4 Qa7 31. Be3 Qa8 32. Rh4 Ne4 33. Qf3 g5
34. Rg4 Rf6 35. Rxe4 Rxf3 36. Rxe8+ Qxe8 37. gxf3 Qe5+ 38. Kg2 b5 39. Rd4 Qf5
40. Rd2 Qe6 41. Rd4 Kh7 42. Kg3 Qf5 43. Rd2 Kg6 44. f4 Qb1 45. Kg2 gxf4 46.
Bxf4 Qe4+ 47. Kg3 h5 48. Be3 Qh1 49. Rd4 f5 50. h4 Qg1+ 51. Kf3 Qb1 52. b4 Kf6
53. Rf4 Qb3 54. Bd4+ Ke6 55. Kg3 Qxa3 56. Rf3 Qc1 57. Kh2 Qd2 58. Kg3 Qh6 59.
Kh3 f4 60. Kg2 Qg6+ 61. Kf1 Qe4 62. Kg2 Kf5 0-1